Bahai's of Malwa: identity and change among the urban Baha'is of Central India (Record no. 10957)
[ view plain ]
| 000 -LEADER | |
|---|---|
| fixed length control field | 00397nam a2200145Ia 4500 |
| 082 ## - DEWEY DECIMAL CLASSIFICATION NUMBER | |
| Classification number | TG.0067 |
| 100 ## - MAIN ENTRY--AUTHOR NAME | |
| Personal name | Garrigues, Steve L |
| 245 #0 - TITLE STATEMENT | |
| Title | Bahai's of Malwa: identity and change among the urban Baha'is of Central India |
| 260 ## - PUBLICATION, DISTRIBUTION, ETC. (IMPRINT) | |
| Year of publication | 1976 |
| Name of publisher | University of Lucknow |
| 300 ## - PHYSICAL DESCRIPTION | |
| Number of Pages | 736 |
| 650 ## - SUBJECT ADDED ENTRY--TOPICAL TERM | |
| Topical Term | Bahais, The |
| 650 ## - SUBJECT ADDED ENTRY--TOPICAL TERM | |
| Topical Term | Bahaism |
| Geographic subdivision | India, Central |
| 650 ## - SUBJECT ADDED ENTRY--TOPICAL TERM | |
| Topical Term | Religious |
| Form subdivision | Asia |
| 942 ## - ADDED ENTRY ELEMENTS (KOHA) | |
| Koha item type | Thesis |
| Source of classification or shelving scheme | Dewey Decimal Classification |
| Withdrawn status | Lost status | Damaged status | Not for loan | Home library | Current library | Date acquired | Full call number | Accession Number | Price effective from | Koha item type |
|---|---|---|---|---|---|---|---|---|---|---|
| NASSDOC Library | NASSDOC Library | 08/10/2004 | TG.0067 | 12709 | 18/04/2019 | Thesis |
